Datum a čas kvízu
33
Celkem bodů
Celkový počet nahraných bodů na tomto kvízu bez doplňovacích otázek.
4.
Pořadí na kvízu
Konečné umístění týmu na tomto kvízu.
Zaznamenané odpovědi
| # | Otázka | Odpověď | Body | Výsledky |
|---|---|---|---|---|
| 1. | Na Úřadu vlády se minulý týden... | 1 | ||
| 2. | Jisté domácí zvíře má raději l... | 0 | ||
| 3. | První jmenování Jana Buriana d... | 1 | ||
| 4. | Evropská organizace pro jadern... | 1 | ||
| 5. | Na letošním US Open provázel t... | 0 | ||
| 6. | Rodné číslo je jednoznačný čís... | 0 | ||
| 7. | Aby bylo možno snadno detekova... | 1 | ||
| 8. | Která z uvedených kombinací mů... | 1 | ||
| 9. | Změna rodného čísla během živo... | 1 | ||
| 10. | S rodnými čísly souvisí i obča... | 1 |